Familia y sociedad: reflexiones sociológicas
Salvato in:
| Autore principale: | |
|---|---|
| Natura: | Libro |
| Lingua: | spagnolo |
| Pubblicazione: |
Santiago
Universitaria
1999
|
| Serie: | Colección Orientaciones en Ciencia, Tecnología y Cultura
|
| Soggetti: | |
| Tags: |
Aggiungi Tag
Nessun Tag, puoi essere il primo ad aggiungerne!!
|
MARC
| LEADER | 00000nam a2200000 a 4500 | ||
|---|---|---|---|
| 001 | UCP6049 | ||
| 003 | CL-VaPUC | ||
| 008 | 991008e19990000CL |||||||||||||||||spa|d | ||
| 020 | |a 956111416X | ||
| 082 | 0 | 4 | |a 306.85 |b MOR |2 21 |
| 100 | |a Morandé Court, Pedro |e autor |9 491845 | ||
| 245 | 1 | 0 | |a Familia y sociedad: reflexiones sociológicas |
| 300 | |a 113 p | ||
| 942 | |c BK | ||
| 945 | |d 19991008 00:00:00 |a rbrito | ||
| 260 | |a Santiago |b Universitaria |c 1999 | ||
| 650 | 0 | |a Familias |9 255641 | |
| 650 | 0 | |a Relaciones humanas |9 307340 | |
| 650 | 0 | |a Filiación |9 256647 | |
| 650 | 0 | |a Ética |9 255099 | |
| 650 | 0 | |a Sociología |9 255410 | |
| 583 | |a last modification |c 19991008 00:00:00 |k Rodrigo Vera | ||
| 490 | 0 | |a Colección Orientaciones en Ciencia, Tecnología y Cultura | |
| 999 | |c 283678 |d 283676 | ||
| 952 | |0 0 |1 0 |4 0 |6 306_850000000000000_MOR_1999 |7 0 |8 A |9 327041 |a BIBENE |b BIBENE |d 2019-11-20 |i 3569535 |o 306.85 MOR 1999 |p 3569535 |r 2025-01-15 |w 2019-11-20 |y BK |k ICO | ||
| 952 | |0 0 |1 0 |4 0 |6 306_850000000000000_MOR_1999 |7 0 |8 A |9 327042 |a BIBGIM |b BIBGIM |d 2019-11-20 |i 3637964 |o 306.85 MOR 1999 |p 3637964 |r 2025-01-15 |w 2019-11-20 |y BK |k GIM | ||
| 952 | |0 0 |1 0 |4 0 |6 306_850000000000000_MOR_1999 |7 0 |8 A |9 327043 |a BIBEDU |b BIBEDU |d 2019-11-20 |i 3849996 |o 306.85 MOR 1999 |p 3849996 |r 2019-11-20 |w 2019-11-20 |y BK |k EPE | ||
| 952 | |0 0 |1 0 |4 0 |6 306_850000000000000_MOR_1999 |7 0 |8 A |9 327044 |a BIBEDU |b BIBEDU |d 2019-11-20 |i 4328116 |o 306.85 MOR 1999 |p 4328116 |r 2019-11-20 |w 2019-11-20 |y BK |k EBA | ||